000 00394nam a2200145Ia 4500
008 100204s9999 xx 000 0 und d
082 _b26645
100 _aजोशी सरोज
245 _aशीळ
260 _b"ग्रंथाली ज्ञानयज्ञ , मुंबई"
_c1998
300 _a107
630 _aशीळ
730 _aशीळ
942 _cBOOK
999 _c471826
_d471823